Statistics for Famous Vincents

Click here to take the quiz!

General Stats

  • This quiz has been taken 50 times
  • The average score is 6 of 16

Answer Stats

HintFamous Vincent% Correct
"The Starry Night" painterVincent van Gogh
100%
"Wedding Crashers" starVince Vaughn
68%
WWE co-founderVince McMahon
49%
Voice of the GrootVin Diesel
47%
Country singer who was the
frontman of Pure Prairie League
Vince Gill
40%
President of Mexico, 2000-2006Vicente Fox
36%
Green Bay Packers coach
who won a Super Bowl
Vince Lombardi
36%
Winner of the
2000 NBA Slam Dunk Contest
nicknamed "Air Canada"
Vince Carter
34%
He captained the
Belgian football team for 5 years
Vincent Kompany
30%
Pivotal member of
Wimbledon FC's "Crazy Gang".
He also starred in "Snatch"
Vinnie Jones
30%
Jules's partner in "Pulp Fiction"Vincent Vega
28%
"Breaking Bad" creatorVince Gilligan
26%
Mötley Crüe lead singerVince Neil
23%
The Titans drafted him in 2006Vince Young
21%
President of France, 1947–1954Vincent Auriol
9%
Ranchera singer called
"El Ídolo de México"
Vicente Fernández
4%

Score Distribution

Percentile by Number Answered

Percent of People with Each Score

Your Score History

You have not taken this quiz